000
00265nam a2200109Ia 4500
008
220204s9999 xx 000 0 und d
082
_a
001
_b
RED
245
0
_a
Portable Voltaire
260
_a
New York
_b
Viking Penguin
_c
1977
700
_a
Redman, Ben Ray
942
_c
BK
999
_c
33070
_d
33070